Surendra ki assi laghukathayen / (Record no. 52743)

MARC details
000 -LEADER
fixed length control field 00621nam a2200205Ia 4500
003 - CONTROL NUMBER IDENTIFIER
control field OSt
005 - DATE AND TIME OF LATEST TRANSACTION
control field 20241120121140.0
008 - FIXED-LENGTH DATA ELEMENTS--GENERAL INFORMATION
fixed length control field 210329s9999||||xx |||||||||||||| ||und||
040 ## - CATALOGING SOURCE
Transcribing agency STCPL
041 ## - LANGUAGE CODE
Language code of text/sound track or separate title Hindi
082 ## - DEWEY DECIMAL CLASSIFICATION NUMBER
Classification number H301
Item number VAS-S
245 #0 - TITLE STATEMENT
Title Surendra ki assi laghukathayen /
Statement of responsibility, etc. edited by Vasanth Chakravarthi
Title in other language सुरेन्द्र की अस्सी लधुकथायें
260 ## - PUBLICATION, DISTRIBUTION, ETC.
Place of publication, distribution, etc. Hyderabad :
Name of publisher, distributor, etc. Hindi Academy .
Date of publication, distribution, etc. 2000 .
300 ## - PHYSICAL DESCRIPTION
Extent 102 p.
Other physical details Hard Back
650 ## - SUBJECT ADDED ENTRY--TOPICAL TERM
Topical term or geographic name entry element Hindi fiction
650 ## - SUBJECT ADDED ENTRY--TOPICAL TERM
Topical term or geographic name entry element Collection of Hindi stories
942 ## - ADDED ENTRY ELEMENTS (KOHA)
Koha item type Books
700 ## - ADDED ENTRY--PERSONAL NAME
Personal name Chakravarthi, Vasanth (ed.)
942 ## - ADDED ENTRY ELEMENTS (KOHA)
Source of classification or shelving scheme Dewey Decimal Classification
Holdings
Withdrawn status Lost status Source of classification or shelving scheme Damaged status Collection code Not for loan Home library Current library Shelving location Date acquired Cost, normal purchase price Total Checkouts Full call number Barcode Date last seen Price effective from Koha item type
    Dewey Decimal Classification   Hindi   ST. THOMAS COLLEGE LIBRARY, PALAI ST. THOMAS COLLEGE LIBRARY, PALAI Hindi 2021-07-10 160.00   H301 VAS-S 67467 2021-07-10 2021-07-10 Books
    Dewey Decimal Classification   Hindi   ST. THOMAS COLLEGE LIBRARY, PALAI ST. THOMAS COLLEGE LIBRARY, PALAI Hindi 2021-07-10 160.00   H301 VAS-S 67468 2021-07-10 2021-07-10 Books
Rights reserved ©2021 ST. THOMAS COLLEGE LIBRARY
A joint venture of - St. Thomas College Library and
Department of Computer Science, St. Thomas Collge Palai